000 00343nam a2200133 a 4500
005 20140412111301.0
008 110408s19uu xx 00 eng d
020 _a002-774770-0
050 _aER
_bWh55 1988
100 _aPolushkin, Maria
245 _aWho said meow? /
_cMaria Polushkin.
260 _aNY :
_bBradbury,
_c1988.
999 _c103409
_d103409